[Event "RUS-chT 05th"]
[Site "Maikop"]
[Date "1998.06.12"]
[Round "10"]
[White "Zaitsev, Vadim"]
[Black "Ivanov, Sergey"]
[Result "0-1"]
[WhiteElo "2425"]
[BlackElo "2570"]
[Annotator "Gofshtein,L"]
[PlyCount "112"]
[EventDate "1998.06.03"]
[EventType "team-tourn"]
[EventRounds "11"]
[EventCountry "RUS"]
[SourceTitle "CBM 066"]
[Source "ChessBase"]
[SourceDate "1998.09.30"]
[SourceVersion "1"]
[SourceVersionDate "1998.09.30"]
[SourceQuality "1"]
[WhiteTeam "Novokuznetsk"]
[BlackTeam "Sankt Petersburg"]
[WhiteTeamCountry "RUS"]
[BlackTeamCountry "RUS"]

1. e4 {Tyomkin,D} c5 2. Nf3 Nc6 3. d4 cxd4 4. Nxd4 Nf6 5. Nc3 d6 6. Bc4 Qb6 7.
Nb3 e6 8. Be3 Qc7 9. f4 Be7 10. O-O O-O 11. Bd3 a6 12. a3 $146 (12. g4 Re8 (
12... b5 13. g5 Nd7 14. Qh5 g6 15. Qh6 Re8 16. Rf3 Bf8 17. Qh4 b4 (17... Bg7
18. Raf1 Bb7 (18... b4) 19. f5 b4 20. f6 $1 {[%csl Rg7]} Bh8 21. Nd1 Nce5 22.
Rh3 Nf8 23. Bd4 Nxd3 24. cxd3 e5 25. Bf2 Bc8 26. Rg3 Ne6 27. Be3 $13 {Martin
Gonzalez,A-Garcia Ilundain,D/ESP-ch 1993/1/2-1/2 (52)}) 18. Rh3 h5 19. Ne2 a5
$15 {Ulibin,M-Ruban,V/URS-FL 1987/1/2-1/2 (60)}) (12... d5 $5 {intersting pawn
sacrifice.} 13. exd5 Nb4 14. dxe6 Bxe6 15. f5 Bxb3 16. axb3 Bc5 $44 {Kovacevic,
A-Makarov,M/Arandjelovac 1993/1/2-1/2(25)}) 13. g5 Nd7 14. Qh5 g6 15. Qf3 (15.
Qh4 Bf8 16. Rf3 Bg7 17. Raf1 f5 18. exf5 gxf5 $15 {Gachon,L-Kosten,A/FrTCh,
Montpellier FRA 1998/0-1(36)}) 15... Bf8 16. h4 b5 17. Rf2 b4 18. Ne2 Bg7 19.
h5 Nf8 20. Raf1 Re7 21. hxg6 fxg6 22. e5 Rf7 23. exd6 Qxd6 24. Be4 $132 {
Emms,J-Renet,O/Paris APSAP 1994/0-1(59)}) (12. Kh1 b5 13. Qf3 Bb7 14. Qh3 Nb4
15. Nd4 Rfe8 16. Rf3 Nxd3 17. cxd3 Rac8 18. Rg3 Bf8 19. Rf1 b4 20. Nd1 Qd8 $11
{Ivanovic,B-Kotronias,V/JUG-chT 1997/1/2-1/2(23)}) (12. a4 b6 13. Qf3 (13. g4
Nd7 14. Rf3 Nc5 15. Rh3 g6 16. Bf1 Bb7 17. g5 Rfd8 18. Qe1 Nb4 $132 {Pandavos,
P-Atalik,S/Karditsa 1994/1-0(30)}) 13... Bb7 14. Qh3 Rfe8 15. Rf3 Nb4 16. Rg3
Nxd3 17. cxd3 Kh8 {1/2-1/2 Gurevich,V-Sakaev,K/Cappelle op 1997}) 12... b5 13.
Qf3 Rb8 14. Rad1 $6 (14. g4 b4 $132) (14. Nd4 $142 Bb7 $11) 14... b4 15. axb4
Nxb4 16. Nd4 $4 (16. Bd4 Nxd3 17. Qxd3 Bb7 (17... e5 $6 18. fxe5 dxe5 19. Qg3
$16) 18. Qg3 a5 $5 $132 {[%cal Ga5a4]}) 16... Nxd3 17. cxd3 Rxb2 $17 {white
doesn't have any compensation for lost pawn.} 18. Rc1 {[%cal Rc3a4]} Qb7 19.
Nd1 Rb1 20. Rxb1 Qxb1 21. Nf2 Qb2 22. g4 Bb7 23. g5 Nd7 24. f5 $2 (24. Rc1 Nc5
$17) {[%tqu "En","","","","e7g5","",10]} 24... Bxg5 $1 25. Bxg5 (25. Nxe6 Bxe3
26. Nxf8 Bxf2+ 27. Rxf2 Qc1+ 28. Rf1 Qc5+ $19) 25... Qxd4 $19 26. Be3 Qb2 27.
Qh3 exf5 28. Qxf5 Ne5 29. Re1 Qc2 30. d4 Qc3 31. Re2 Nc4 32. Qf4 Re8 33. Ng4
Nxe3 34. Rxe3 Qxd4 35. Nf2 Qe5 36. Qxe5 Rxe5 {It was right time for white to
resign.} 37. Rd3 Kf8 $1 (37... f5 $1 $19) 38. Rxd6 Ke7 39. Rd4 f5 40. Ra4 fxe4
41. Kf1 Bc6 42. Ra3 e3 43. Ng4 e2+ 44. Ke1 Rg5 45. Re3+ Kf8 46. Ne5 Bb5 47. Nf3
Rd5 48. Kf2 Kf7 49. Ne5+ Kf6 50. Nf3 g5 51. h3 h5 52. h4 g4 53. Ne1 Rf5+ 54.
Kg3 Rf1 55. Ng2 Bc6 56. Rxe2 Rg1 {With two pawns up in forthcoming pawn's
ending.} 0-1

[Event "ISR-chT"]
[Site "Israel"]
[Date "2002.01.19"]
[Round "2"]
[White "Kosashvili, Yona"]
[Black "Gofshtein, Leonid D"]
[Result "0-1"]
[WhiteElo "2535"]
[BlackElo "2498"]
[Annotator "Gofshtein,L"]
[PlyCount "40"]
[EventDate "2002.01.10"]
[EventType "team"]
[EventRounds "11"]
[EventCountry "ISR"]
[SourceTitle "CBM 088"]
[Source "ChessBase"]
[SourceDate "2002.03.21"]
[SourceVersion "1"]
[SourceVersionDate "2002.03.21"]
[SourceQuality "1"]

1. e4 c5 2. Nf3 e6 3. d4 cxd4 4. Nxd4 a6 5. Nc3 b5 6. Bd3 Qb6 7. Nb3 Qc7 8. O-O
Nf6 {Another way of development is:} (8... Bb7 9. Be3 (9. a3 Nf6 10. Bg5 Be7
11. Qe2 d6 12. Rae1 Nbd7 13. Kh1 Rc8 14. f4 h6 15. Bxf6 Bxf6 $132 {1/2-1/2
Vink,N-Kritz,L/Hengelo 2001/CBM 83 ext (43)}) (9. Qe2 Nc6 10. f4 Nf6 11. Bd2 (
11. e5 b4 12. Nb1 Nd5 $132) 11... d6 12. Rae1 b4 13. Nd1 Be7 14. c4 bxc3 15.
Bxc3 O-O 16. Ne3 a5 17. a3 Qb6 18. Nd2 d5 19. exd5 exd5 20. Qf2 d4 $132 {
1-0 Fressinet,L-Rotstein,A/Germany 2001/CBM 82 ext (41)}) (9. Bg5 Bd6 10. Qh5
h6 11. f4 b4 12. Ne2 Nc6 13. f5 $6 {1/2-1/2 Castaneda,N-Nemeth,Z/Budapest 2001/
CBM 82 ext (60)} (13. Rad1) 13... Bxh2+ $15) 9... Nf6 10. a3 d5 11. exd5 Nxd5
12. Nxd5 Bxd5 13. Nd2 Nd7 14. Be4 Nf6 15. Bxd5 Nxd5 $11 {1/2-1/2 Dembo,
Y-Nemeth,Z 2001}) 9. f4 (9. f4 b4 $5 (9... Bb7 10. Qe2 (10. Qf3 d6 11. a4 b4
12. Ne2 Nbd7 13. Kh1 Be7 14. Bd2 d5 15. e5 Ne4 $132) 10... d6 11. a4 b4 12. Nd1
Nbd7 13. Nf2 Be7 $14 {1-0 Ahn,M-Thoeng,P/Antwerp 1997/EXT 99 (33)}) (9... d6
10. e5 $5 (10. Qe1 Nbd7 11. a4 b4 12. Nd1 Rb8 13. a5 Bb7 14. Nf2 Nc5 $132 {
1/2-1/2 Mitkov,N-Dominguez,L/Lisbon 1999/CBM 73 ext (35)}) 10... Nfd7 11. exd6
Bxd6 12. Be3 $16 (12. Kh1 Be7 13. f5 O-O 14. Bf4 Qb6 15. fxe6 fxe6 16. Qe2 Nf6
17. Ne4 Nbd7 $132 {1/2-1/2 Bjornsson,T-Olafsson,H2000})) 10. Nb1 (10. Ne2 Bb7
11. e5 Nd5 12. Nbd4 Bc5 $132) 10... Bb7 11. e5 (11. Qe2 Be7 12. a3 a5 13. axb4
axb4 14. Rxa8 Bxa8 15. N1d2 Nc6 16. e5 Nd5 17. Nc4 $14 {0-1 Sorensen,J-Goldin,
A/New York 2000/CBM 76 ext (33)}) 11... Nd5 12. Qe2 Be7 (12... Nc6 $5 $146 13.
Be4 a5 $1 14. c4 bxc3 15. Nxc3 Nxc3 16. bxc3 Ba6 $132) (12... a5 13. a4 d6 14.
f5 (14. N1d2 Nc6 15. Nc4 dxe5 16. fxe5 Ba6 $132 (16... Rd8)) 14... dxe5) 13.
N1d2 O-O 14. Kh1 f5 15. exf6 Nxf6 16. Nc4 Nc6 17. Be3 Nd5 18. Qh5 Nf6 19. Qe2
Nd5 20. Qh5 Nf6 21. Qh3 $16 {1-0 Zezulkin,J-Brustkern,J 2000}) (9. Qe2 Bb7 (
9... d6 10. f4 (10. Bf4 Nbd7 11. Rad1 e5 12. Bg5 Be7 13. a3 h6 14. Be3 Nb6 15.
Nd2 O-O 16. h3 Be6 $132 {1/2-1/2 Vehi Bach,V-Gonzalez Menendez,I/Vila Real ESP
2001/The Week in Chess 354 (41)}) 10... Nbd7 11. Bd2 Bb7 12. Rae1 e5 (12... b4
13. Nd1 d5 14. e5 Ne4 15. Bxe4 dxe4 16. Ne3 a5 $132 {0-1 Weber,P-Papp,T/
Halkidiki GRE 2001/The Week in Chess 357 (33)}) 13. a4 b4 14. Nd1 Nc5 $132 {
1/2-1/2 Spassky,B-Hauchard,A/Paris 2000/CBM 77 (37)}) 10. f4 (10. a3 d6 (10...
d5 11. e5 Nfd7 12. f4 Nc5 13. Nxc5 Bxc5+ 14. Kh1 Nc6 15. Bd2 g6 {0-1 Jamrich,
G-Nemeth,Z/Budapest 2001/CBM 82 ext (47)}) 11. Bd2 Nbd7 12. f4 Be7 13. Rae1 e5
14. Kh1 Rc8 $132 {1-0 Zemerov,V-Efimov,I/Genova ITA 2001/The Week in Chess 369
(36)}) 10... b4 $5 11. Nd1 a5 12. Nf2 Nc6 $5 {[%cal Rc6d4] Idea worth to
attention.Black trying to take control over black squares in the center.} 13.
Be3 a4 14. Nd2 Be7 15. Ng4 d6 16. Nc4 O-O 17. Nb6 Ra5 18. Nc4 Raa8 19. Nb6 Ra5
$11 {1/2-1/2 Fressinet,L-Smirin,I/Saint Vincent 2000/CBM 78 (21)}) (9. Re1 $5
Bd6 $5 (9... Bb7 10. e5 b4 11. exf6 bxc3 12. fxg7 Bxg7 13. Rb1 {1-0 Rechlis,
G-Stamenkov,V/Ohrid 2001/CBM 84 (40)} cxb2 14. Bxb2 Bxb2 15. Rxb2 $36) 10. g3
Bb7 $132 (10... b4 $5)) (9. Be3 Bb7 $132 {1-0 Jirovsky,P-Zwanzger,J/Germany
2001/CBM 82 ext (34)}) 9... Bb7 $5 (9... b4 $5 10. Nb1 (10. Ne2 Bb7 11. e5 Nd5
12. Nbd4 Bc5 13. Kh1 Nc6 14. Nxc6 Qxc6 $132 {0-1 Braylovsky,G-Smirin,I/
Internet ICC 2000/EXT 2001 (41)}) 10... Bb7 11. Qe2 Be7 12. N1d2 d6 13. Nf3
Nbd7 14. Kh1 O-O 15. Bd2 a5 16. Rae1 g6 (16... e5 $5) 17. Ng5 e5 18. Qf3 h6 19.
Nh3 a4 20. Nc1 d5 $132 {0-1 Liu Dede-Sadvakasov,D 2001}) (9... d6 10. Qe1 (10.
e5 Nfd7 11. exd6 Bxd6 12. Be3 $16 {1-0 Zezulkin,J-Berezjuk,S/CZE 1997/EXT 99 
(23)} (12. Kh1 Be7 13. f5 $36 {1/2-1/2 Bjornsson,T-Olafsson,H/Reykjavik 2000/
CBM 75 ext (22)})) 10... Nc6 11. a3 Be7 12. Kh1 Bb7 13. Be3 Nd7 14. f5 Bf6 $132
{0-1 Drobne,M-Srebrnic,M/Ljubljana SLO 2001 (54)}) 10. e5 (10. a3 d6 11. Be3 (
11. Kh1 Nbd7 12. Qe2 Be7 $132 {0-1 Peng Xiaomin-Kostenko,P/Calcutta IND 2001/
The Week in Chess 354 (36)}) (11. g4 d5 $132 {1/2-1/2 Georgieva,L-Djingarova,E/
Plovdiv 2001/CB20 (59)}) 11... Nbd7 (11... Nc6 12. Qf3 Be7 13. Rae1 O-O 14. Qg3
b4 15. axb4 Nxb4 $132 {1/2-1/2 Antoniewski,R-Stefanek,P/Krynica 1998/EXT 2002 
(71)}) 12. Kh1 Be7 13. Qe1 O-O 14. Qg3 Rfd8 15. Rae1 d5 16. Bd4 g6 17. Qh4 (17.
e5 $16) 17... Re8 18. e5 Ne4 19. Qh3 {1/2-1/2 Przybylski,W-Gajewski,G 2001}) (
10. Qf3 d6 11. a3 (11. a4 b4 12. Ne2 Nbd7 13. Kh1 Be7 14. Bd2 d5 $132 {0-1 Van
de Plassche,B-Chuchelov,V/Antwerp 1997/CBM 62}) (11. Bd2 Be7 12. Rae1 Nc6 13.
Kh1 O-O 14. Qh3 Rfe8 $132 {1/2-1/2 Ashley,M-Shapiro,D/New York 2000/CBM 76 ext
(49)}) 11... Nbd7 12. Qg3 (12. Kh1 Be7 13. Bd2 O-O 14. Qh3 e5 $132) 12... h5
13. Bd2 h4 14. Qe1 h3 15. g3 Nc5 16. Qe2 Be7 17. Rae1 Nfd7 $132 {0-1 Machalova,
V-Igla,B 2001}) 10... b4 $5 {The backbone of black's strategy in this line.}
11. Nb1 {White obliged to recede,because if 11.ef bc the file "g" opens to
black's initiative.} Nd5 12. Qe2 {Trying to prepare knight's "b1" development.}
Nc6 $1 {[%mdl 4] This move correlated with idea used in the game
Fressinet-Smirin shown above.} (12... Be7 13. N1d2 O-O 14. Kh1 f5 15. exf6 Nxf6
16. Nc4 $14 {1-0 Zezulkin,J-Brustkern,J/GER 1999/EXT 2000 (33)}) 13. c4 {
More solid looks 13.N1d2 as was played in game mentioned under.} (13. N1d2 d6 (
13... a5 $5) 14. Nc4 Be7 15. exd6 Bxd6 16. Nxd6+ Qxd6 17. Qf2 O-O 18. Nc5 Bc8
19. Bd2 a5 $132 {1/2-1/2 Nijboer,F-Hoffmann,M/Germany 1998/GER-chT (49)}) 13...
bxc3 14. bxc3 $6 {Doubtful option.White overestimate their chances.} (14. Nxc3
$5 Ncb4 $5 15. Nxd5 Bxd5 $11) 14... d6 {Blowing up white's center.} 15. c4 {
Worth 15.ed Bd6 with extreme pressure on pawn "f4".} (15. exd6 $6 Bxd6 $36 {
[%csl Rf4][%cal Yd6f4,Rd5f4,Yc7f4]}) 15... Ndb4 16. exd6 $4 {[%mdl 8192]
Terrible blunder.16.Be4 would lead to unclear position with good counterplay
for black but white still alive.} (16. Be4 dxe5 $5 (16... d5 $5 17. cxd5 exd5
18. Bf3 (18. Bd3 Nxd3 19. Qxd3 Nb4 20. Qc3 Rc8 21. Qxc7 Rxc7 22. N1d2 Rc2 23.
Nd4 Rxa2 24. Rxa2 Nxa2 25. Bb2 Nb4 $17) 18... a5 19. a3 Ba6 $132) 17. a3 f5 (
17... f5) 18. Bf3 e4 19. Bh5+ (19. axb4 exf3 20. Rxf3 Nxb4 21. Re3 Kf7 $132)
19... g6 20. axb4 Nxb4 $132) 16... Qxd6 $1 17. Rd1 (17. Be4 Nd4 18. Qe1 Nbc2
$19) 17... Nd4 $19 18. Qf1 Nxb3 19. axb3 Qd4+ 20. Qf2 Bc5 0-1

[Event "FIDE-Wch k.o."]
[Site "Groningen"]
[Date "1997.12.23"]
[Round "6.1"]
[White "Adams, Michael"]
[Black "Short, Nigel D"]
[Result "1-0"]
[WhiteElo "2680"]
[BlackElo "2660"]
[Annotator "Greengard,M"]
[PlyCount "81"]
[EventDate "1997.12.09"]
[EventType "k.o."]
[EventRounds "7"]
[EventCountry "NED"]
[SourceTitle "CBM 063"]
[Source "ChessBase"]
[SourceDate "1998.03.26"]
[SourceVersion "1"]
[SourceVersionDate "1998.03.26"]
[SourceQuality "1"]

1. e4 c5 2. Nc3 e6 3. Nf3 a6 4. g3 b5 5. Bg2 Bb7 6. d4 Nf6 7. Bg5 cxd4 8. Nxd4
h6 9. Bxf6 Qxf6 10. O-O Nc6 11. Nxc6 dxc6 12. Qe2 e5 13. a4 b4 14. Nb1 a5 15.
Qe3 Bd6 16. Nd2 Qe7 17. Nb3 c5 18. Nd2 Ba6 19. Rfd1 c4 20. Bf1 Bc5 21. Qf3 Qe6
22. b3 Bd4 23. Rab1 c3 24. Bxa6 Rxa6 25. Nc4 O-O 26. Ne3 g6 27. Re1 Rc6 28.
Rbd1 Rc5 29. Kg2 f5 30. exf5 gxf5 31. Nc4 Rxc4 32. bxc4 Qxc4 33. Qb7 Rf7 34.
Qb8+ Kh7 35. f4 Qa2 36. fxe5 Qxc2+ $2 (36... f4 $3 37. Rxd4 (37. e6 Qd5+ $19)
37... Qxc2+ 38. Kh3 (38. Kh1 Qf2 $1 $19) 38... fxg3 39. hxg3 Qf5+ 40. Kh4 (40.
g4 Qf3+ 41. Kh4 Qf2+ $19) (40. Rg4 Rg7) 40... Qf2 $19) 37. Kh3 f4 38. e6 Qf5+
$2 (38... fxg3 $1 39. Qxg3 (39. hxg3 $2 $19 Qf5+ 40. g4 Qf3+ 41. Qg3 Qxg3+ 42.
Kxg3 Bf2+ 43. Kg2 Bxe1 44. exf7 Kg7 45. Rxe1 b3 $19) (39. Rxd4 $2 Qxh2+ 40. Kg4
h5+ 41. Kg5 Rg7+ 42. Kf6 Qf2+ 43. Qf4 Rg6+ 44. Kf7 Qxe1 45. Rd7 $1 Qxe6+ (45...
Rxe6 $2 $18) (45... Qf2 $1 $19) 46. Kf8+ Qxd7 (46... Kh8 47. Rh7+ Kxh7 48. Qh6+
$11) 47. Qh6+ $11) (39. exf7 $11) 39... Bf2 $5 (39... Qf5+ 40. Qg4) 40. Qe5 $1
(40. exf7 $2 Bxg3 $1 41. f8=N+ Kg8 42. Kxg3 Qxd1 $19) 40... Rg7 41. Rd7 Rxd7
42. exd7 Qd3+ 43. Kg2 Bh4 44. Qe4+ Qxe4+ 45. Rxe4 Bd8 46. Rc4 $18) 39. g4 Qd5
40. Rd3 Rf6 41. Qc7+ 1-0

[Event "Athens Acropolis op-A 24th"]
[Site "Chalkida"]
[Date "2009.08.17"]
[Round "8"]
[White "Rozentalis, Eduardas"]
[Black "Reshetnikov, Alexey"]
[Result "1-0"]
[WhiteElo "2588"]
[BlackElo "2488"]
[Annotator "Grivas,E"]
[PlyCount "41"]
[EventDate "2009.08.10"]
[EventType "swiss"]
[EventRounds "9"]
[EventCountry "GRE"]
[SourceTitle "CBM 131 Extra"]
[Source "ChessBase"]
[SourceDate "2009.09.03"]
[SourceVersion "2"]
[SourceVersionDate "2009.09.16"]
[SourceQuality "1"]

1. e4 c5 2. Nf3 e6 3. g3 a6 4. Bg2 b5 $6 {A risky line, which I cannot
recommend.} 5. d4 cxd4 6. Nxd4 Bb7 7. O-O Nf6 (7... Nc6 8. Be3 Ne5 9. Nd2 Nf6
10. a4 b4 11. h3 $14 {is another option, as in Grafl,F-Kulaots,K Port Erin
2004.}) 8. Re1 Qc7 9. Nc3 ({Stronger seems to be} 9. a4 bxa4 $6 (9... b4 $1)
10. Rxa4 d6 11. Nd2 (11. Rb4 $1) 11... Nbd7 12. N2b3 $16 {Tuma,J-Firman,N
Olomouc 2006, as White is 'obliged' to open lines on the queenside.}) 9... d6
10. Bg5 ({Although the text move is fine, again} 10. a4 {looks stronger:} b4
11. Nd5 $1 Nxd5 12. exd5 e5 13. a5 $16 {Solodovnichenko,Y-Klein,F Maastricht
2009.}) 10... Nbd7 11. Nd5 $5 Nxd5 $2 ({Probably the worst choice!} 11... Qb8
$6 12. a4 $18 {Maze,S-Guidarelli,L Illes Medes 2007 is also plain bad but
Black should have opted for}) (11... exd5 12. exd5+ Ne5 $1 (12... Kd8 $6 13.
Nc6+ Bxc6 14. dxc6 $16 {Soozankar,A-Mohajerin,P Teheran 2005}) 13. Bxf6 gxf6
14. f4 $14 {Chan,J-Davies,N Vancouver 2005.}) 12. exd5 e5 13. Qg4 ({Or} 13. a4
h6 14. Bd2 $16 {.}) 13... h6 14. Ne6 $1 Qc8 (14... fxe6 $2 15. Qxe6+ Be7 16.
Qxe7# {.}) 15. Bd2 Rg8 (15... Nf6 16. Nxg7+ Ke7 17. Rxe5+ dxe5 18. Bb4+ Kd8 19.
Ba5+ Ke7 20. Qb4+ Kd7 21. Bh3+ Ng4 22. Bxg4+ f5 23. Bxf5# {is a funny but very
instructive line, proving Black's problems!}) 16. Nxf8 Kxf8 17. Bb4 Nc5 18. Qh4
({I would prefer} 18. Qe2 g5 19. a4 $16 {.}) 18... f5 $6 (18... a5 $1 19. Bd2
Na4 {was the only way for Black to continue the fight.}) 19. Qh5 $1 Ke7 20. Qg6
{Now threats such as Bh3 or Bxc5 cannot be parried.} Qe8 (20... e4 21. Bxc5
dxc5 22. Bxe4 fxe4 23. Rxe4+ Kd8 24. Rae1 $18 {.}) 21. Qxf5 (21. Rxe5+ $1 dxe5
22. Qe6+ Kd8 23. Ba5# {was more cute but anyway Black had to resign after the
text move.}) 1-0

[Event "Athens Acropolis op-A 24th"]
[Site "Chalkida"]
[Date "2009.08.14"]
[Round "5"]
[White "Smirin, Ilia"]
[Black "David, Alberto"]
[Result "0-1"]
[WhiteElo "2650"]
[BlackElo "2565"]
[Annotator "Grivas,E"]
[PlyCount "60"]
[EventDate "2009.08.10"]
[EventType "swiss"]
[EventRounds "9"]
[EventCountry "GRE"]
[SourceTitle "CBM 131 Extra"]
[Source "ChessBase"]
[SourceDate "2009.09.03"]
[SourceVersion "2"]
[SourceVersionDate "2009.09.16"]
[SourceQuality "1"]

1. e4 c5 2. Nf3 e6 3. d4 cxd4 4. Nxd4 a6 5. Nc3 (5. c4 {is another main line
but this is just a mater of preference.}) 5... Qc7 6. Bd3 Nf6 7. O-O Bd6 8. Kh1
(8. f4 Bc5 9. Nce2 Nc6 10. c3 d6 {looks OK for Black, as in Jackova, J-Karpov,
A Marianske Lazne 2008.}) ({The other option is} 8. h3 Nc6 9. Nxc6 dxc6 10. Be3
b5 11. a4 Bb7 12. f4 e5 $13 {Maleki,N-Siebrecht,S Differdange 2008.}) 8... Nc6
9. Nxc6 dxc6 10. f4 e5 11. f5 ({A natural reaction but also} 11. Qe1 {cannot
be underestimated:} b5 12. a4 b4 13. Nd1 c5 14. Ne3 {as in Krivokapic,M-Nikac,
P Cetinje 2009.}) 11... h5 ({Not bad is} 11... b5 $5 12. a4 Rb8 13. Be3 Qe7 14.
axb5 axb5 15. Ra7 Bb7 16. Bg5 Bc5 17. Ra1 h6 $13 {Baramidze,D-Friedrich,N
Zurich 2008.}) 12. a4 ({The other options are} 12. Be3 Qe7 13. Bg5 (13. Qf3 b5
14. a4 Bb7 15. axb5 cxb5 16. Nd5 Bxd5 17. exd5 O-O $13 {Hirneise,T-Miezis,N
Dubai 2009}) 13... Bc5 14. Qf3 Bd4 15. a4 a5 16. Nd1 $14 {Vachier Lagrave,
M-Miezis,N Liverpool 2008 and}) (12. Bg5 Qe7 13. Qf3 b5 14. a4 Bb7 15. Bh4 Qc7
16. Qg3 Kf8 17. Ra2 $14 {Grover,S-Kotsur,P Dubai 2009.}) 12... a5 $5 ({A
'natural' novelty. White was more or less happy after} 12... Bc5 13. Qf3 a5 14.
Qg3 Kf8 15. Bg5 Bd7 16. Rad1 $14 {Ponomariov,R-Miezis,N Bad Wiessee 1999}) ({
or after} 12... b6 $6 13. Qf3 Bb7 14. Be3 b5 15. axb5 cxb5 16. Nd5 Bxd5 17.
exd5 Qb7 18. Bg5 $1 $16 {Yu,Y-Zhao,P Heraklio 2004.}) 13. Nb1 $6 ({A not very
ambitious move. White should try to transpose to previously analysed lines with
} 13. Bg5 {.}) 13... Bc5 14. Nd2 b6 15. Nb3 Be7 16. Be3 Bb7 {Black's position
is already quite satisfactory.} 17. Nd2 Rd8 18. Qf3 Kf8 (18... O-O 19. h3 h4 {
is an alternative OK option for Black.}) 19. Nc4 c5 20. Ra3 {With the idea of
Rb3, putting pressure on Black's b6-pawn.} Bc6 $1 21. Re1 ({A bit passive.} 21.
Rb3 $1 Bxa4 22. Rxb6 Nd7 23. f6 $1 gxf6 24. Bg5 $1 {leads to enormous
complications and White should have opted for it.}) 21... Kg8 $6 (21... h4 $1 {
was natural and good.}) 22. Raa1 $6 ({There was no point playing the rook
around the a-file. White should have taken advantage of Black's inaccuracy, by
playing} 22. Qg3 $1 Bxe4 23. Qxe5 Qxe5 24. Nxe5 Bxd3 25. Rxd3 $14 {.}) 22... h4
$1 23. b3 h3 24. g4 $6 ({A bad move. White had to accept a passive position
with} 24. g3 Rh5 25. Rad1 {where Black can sacrifice the exchange for
positional compensation:} Rd4 $1 26. Bxd4 cxd4 27. Re2 Rg5 $44 {.}) 24... Rh4
$1 25. Rg1 (25. Bg5 $6 {doesn't work due to the tactical shot} Nxe4 $1 26. Bxe4
Bxe4 27. Qxe4 Bxg5 $17 {.}) 25... Qb7 {Now White suffers along the long
diagonal h1-a8.} 26. Nxe5 (26. Nd2 $6 {is losing spectacularly after} c4 $1 27.
bxc4 Bb4 28. Rae1 Bxd2 29. Bxd2 Rd4 $19 {.}) 26... Bxe4 27. Bxe4 Nxe4 28. g5 $2
({White blunders badly. He should continue the fight with the prophylactic} 28.
Raf1 Bf6 29. Nd3 Re8 $15 {.}) 28... Bd6 $6 ({Good enough but the spectacular} 
28... Rf4 $3 {would finish the game instantly:} 29. Bxf4 (29. Qxf4 Nf2#) 29...
Nf2# {.}) 29. Rad1 $6 ({White should have opted for} 29. Rgd1 Rd7 $1 30. Rxd6
Rxd6 31. Kg1 {and prayed.}) 29... Re8 ({Again} 29... Rf4 $3 {was decisive.})
30. Rxd6 Nxd6 {White had no reason to continue a lost fight, as he is an
exchange down without any counterplay, so he resigned. A good game by the
Luxemburg GM who also won the Kavala Open this month.} 0-1

[Event "Bad Zwesten op"]
[Site "Bad Zwesten"]
[Date "2008.01.04"]
[Round "4"]
[White "Thinius, Marco"]
[Black "Bischoff, Klaus"]
[Result "1-0"]
[WhiteElo "2335"]
[BlackElo "2537"]
[Annotator "Gutman,L"]
[PlyCount "63"]
[EventDate "2008.01.02"]
[EventType "swiss"]
[EventRounds "9"]
[EventCountry "GER"]
[SourceTitle "CBM 123"]
[Source "ChessBase"]
[SourceDate "2008.04.02"]
[SourceVersion "1"]
[SourceVersionDate "2008.04.02"]
[SourceQuality "1"]

1. e4 c5 2. Nf3 e6 3. d4 cxd4 4. Nxd4 a6 5. Nc3 Qc7 6. Bd3 Nf6 7. O-O Bc5 (7...
Nc6 $5 {ist wahrscheinlich eine bessere Alternative.}) 8. Nb3 Be7 9. a4 $5 (9.
f4 d6 10. Qe2 Nc6 11. Bd2 O-O 12. Kh1 b6 $5 13. Rae1 Bb7 14. e5 $6 dxe5 15.
fxe5 Nd7 ({nicht jedoch} 15... Ne8 $6 16. Qe4 g6 17. Bh6 Ng7 18. Qf4 Nb4 19.
Ne4 Nd5 20. Qd2 Qxe5 $6 {, Ohme-Wasiluk, Bad Zwesten 2008, wegen} 21. c4 Nb4
22. Nf6+ Qxf6 23. Rxf6 Nxd3 24. Rff1 Nxe1 25. Qxe1 $16) 16. Bf4 Nb4 17. Be4
Bxe4 18. Qxe4 Rad8 $15) 9... b6 (9... d6 10. a5 $14 {mit weißem Plus.}) 10. f4
Bb7 11. e5 Nd5 12. Nxd5 Bxd5 13. Be3 Bb7 (13... O-O 14. c4 Bb7 15. Qe2 $5 ({
eine Verbesserung gegenüber} 15. Qh5 g6 16. Qh6 {Anand-Rublevsky, Korsika
Rapid 2004} Nc6 $11) 15... g6 16. Qf2 $16 {Hracek-Arencibia, Turin Olympiade
2006}) 14. Qe2 Nc6 15. Qf2 Bd8 16. Nd2 $16 {Die schwarze Lage ist ziemlich
trostlos.} Ne7 17. Nc4 Nc8 18. f5 Bd5 19. Qf4 Be7 (19... exf5 {wird durch} 20.
Nd6+ Nxd6 21. exd6 Qc6 22. Qe5+ $18 {bestraft.}) 20. fxe6 Bxe6 21. b3 g6 ({
Vielleicht war} 21... Rb8 22. Qg3 O-O 23. Bh6 $16 {das kleinere Übel.}) 22. Nd2
d6 (22... d5 23. exd6 Bxd6 24. Qh6 $16) 23. Ne4 $5 dxe5 24. Nf6+ Kd8 25. Qf3
Ra7 26. Rad1 Nd6 27. a5 ({Auch} 27. Qf2 Rb7 28. Bxa6 $18 {gewinnt.}) 27... bxa5
28. Nd5 Bxd5 29. Qxd5 f6 30. Bxa7 Qxa7+ 31. Kh1 Qc7 32. Bxa6 1-0